1647 1824 1445 1191 1206 1171 1203 1566 1859 1222 1892 1536 1199 1045 1809 1083 1781 1861 1325 1425 1541 1172 1641 1959 1038 1662 1524 1892 1863 1692 1018 1126 1682 1025 1040 1538 1047 1324 1447 1188 1463 1417 1048 1712 1246 1583 1178 1065 1698 1866 1542 1319 1113 1279 1926 1047 1318 1377 1773 1279 1492 1285 1573 1529 1441 1009 1799 1574 1972 1473 1321 1287 1985 1006 1753 1778 1149 1914 1412 1994 1839 1838 1330 1550 1264 1199 1544 1224 1150 1286 1517 1146 1125 1388 1503 1392 1384 1980 1641 BCNSPRNW ULIB Ver.6.0+V

เปลี่ยนเป็นภาษาไทย

Change to English
 แสดงรายละเอียดบรรณานุกรม
  กลับหน้าหลัก

Brief Record : Get Marc (ISO 2709) : E-mail record : QR code < ปิดหน้าต่าง
LEADER : 00000nam 2200000uu 4500
001    13399127462
003     ULIB
008    200529s2019||||th 000 0 tha d
020 ^- ^a9781496387035
060 ^- ^aWY100.7^bM45E
100 1^ aMelnyk, Bernadette Mazurek.
245 10 ^aEvidence-based practice in nursing & healthcare :a guide to best practice /^cBernadette Mazurek Melnyk, Ellen Fineout-Overholt.
246 13 ^aEvidence-based practice in nursing and healthcare
250 ^- ^a4th ed.
260 ^- ^aPhiladelphia :Wolters Kluwer,c2019.
300 ^- ^axxii, 782 p. :Other physical details col. ill.
504 ^- ^aIncludes bibliographical references and index.
505 0^ aUnit 1: Steps zero, one, two; getting started -- Unit 2: Step three: critically appraising evidence -- Unit 3: Steps four and five: moving from evidence to substainable practice change -- Unit 4: Creating and sustaining a culture and environment for evidence-based practice -- Unit 5: Step six: Disseminating evidence and evidence-based practice implementation outcomes -- Unit 6: Generating external evidence and writing successful grant proposals.
650 ^4 ^aEvidence-based medicine.
650 ^  ^aEvidence-based nursing
650 ^  ^aMethods.
700 1^ aFineout-Overholt, Ellen.
945    ^p0^l0^i28364
999    ^aกัณชพร จุลอักษร
รายการนี้ยังไม่มีแท็ก
คุณยังไม่ได้ล็อกอิน คุณสามารถมีกิจกรรมร่วมกับเว็บไซต์ได้ แต่ต้องล็อกอินก่อน ::
  ล็อกอิน

รายการสื่อสารสนเทศ

ลำดับที่ ประเภท เลขเรียก/บาร์โค้ด สถานที่ สถานะ
1. หนังสือสำรอง
หนังสือสำรอง
WY100.7 M45E ฉ.1 
  Barcode: 28364
ห้องสมุดวิทยาเขตนครสวรรค์
►หนังสือทั่วไป:l:General Books
บนชั้น

รายการใกล้เคียง
    หัวเรื่อง [Evidence-based medicine.]
    หัวเรื่อง [Evidence-based nursing]
    หัวเรื่อง [Methods.]

BibComment


ยังไม่เคยถูกคอมเมนท์

คอมเมนท์ทรัพยากรรายการนี้
  คอมเมนท์: Evidencebased pr..


 Copyright 2026. Bcnsprnw @Library